| 000 | 00661nam a22002057a 4500 | ||
|---|---|---|---|
| 005 | 20171219151528.0 | ||
| 010 | _aENG-121920 | ||
| 020 |
_a9789383982493 _c1000.00 |
||
| 035 | _aEN-105452 | ||
| 037 | _bDBAD/PUB | ||
| 082 | _a658.8 | ||
| 100 | _aJenkins,David | ||
| 245 |
_aMarketing management ; _btargetitis-the current orignisational disease / _cby David Jenkins |
||
| 260 |
_aNew Delhi _bVangiri press on behalf of Indiana _c2017 |
||
| 270 |
_a102,43273,Satyam house,Ansari road, Darya Ganj _bNew Delhi _e110002 |
||
| 300 |
_a199p. _c23cm(Hb) |
||
| 500 | _aIncludes index | ||
| 700 | _aJenkins,David | ||
| 942 |
_2ddc _cEN _h658.8 _mJEN |
||
| 999 |
_c148078 _d148078 |
||